000
00296nam a22001337a 4500
005
20260413121536.0
008
160622b xxu||||| |||| 00| 0 eng d
041
_a
eng
082
_a
346.066
245
_a
Company's Act-1997
260
_b
Wadhwa and Company
_c
1997
300
_a
1.548
942
_c
BK
999
_c
3561
_d
3560